| 000 | 01209nam a2200229Ia 4500 | ||
|---|---|---|---|
| 001 | L840-34330 | ||
| 003 | IT-CnALBA | ||
| 008 | 170116s9999||||xx |||||||||||||| ||und|| | ||
| 040 |
_aIT-CnALBA _cIT-CnALBA |
||
| 041 | _aFRANCESE | ||
| 100 | _aPASCAL BLAISE | ||
| 245 | 0 | _aLETTRES ECRITES A UN PROVINCIAL PRECEDE D'UN ELOGE DE PASCAL | |
| 250 | _a1a ed. | ||
| 260 |
_aPARIS _bFIRMIN DIDOT & C. TIPOGR. EURE _c1854 [1° Ed.:1954] |
||
| 300 | _a395 p. | ||
| 500 | _aELOGIO DI PASCAL PER BORDAS DEMOULIN. LETTERE I XIX.CENSURA DI M. ARNAULD. GRAZIA SUFFICIENTE. INGIUSTIZIA E NULLITA' DELLA CENSURA. GRAZIA ATTUALE. NUOVA MORALE DEI GESUITI. ARTIFICI DEI GESUITI PER ELUDERE IL VANGELO E LA DOTTRINA DELLA CHIESA. METODO D | ||
| 501 | _aSocietà San Paolo EM - Piazza San Paolo, 14 - 12051 ALBA (CN) (non commercial uses only) ® Copyright 2017 | ||
| 520 | _aELOGIO DI PASCAL PER BORDAS DEMOULIN. LETTERE I XIX.CENSURA DI M. ARNAULD. GRAZIA SUFFICIENTE. INGIUSTIZIA E NULLITA' DELLA CENSURA. GRAZIA ATTUALE. NUOVA MORALE DEI GESUITI. ARTIFICI DEI GESUITI PER ELUDERE IL VANGELO E LA DOTTRINA DELLA CHIESA. METODO D | ||
| 650 | _aLETTERATURA FRANCESE E ALTRE | ||
| 942 | _cBK | ||
| 957 | _71 | ||
| 999 |
_a39100 _bSI _g Copie: 1 _c293164 _d293164 |
||